Jing fa : Mawangdui Han mu bo shu /

Saved in:
Bibliographic Details
Corporate Author: Mawangdui Han mu bo shu zheng li xiao zu.
Other Authors: Laozi.
Format: Book
Language:Chinese
Published: Beijing : Wen wu chu ban she, 1976.
Edition:Di 1 ban.
Subjects:
Tags: Add Tag
No Tags, Be the first to tag this record!
LEADER 01868cam a2200337 a 4500
001 007728681-2
005 20024617104250.0
008 900402s1976 cc ah 000 0 chi
010 |a 77842368 /C 
035 0 |a ocm21795912 
040 |a DLC  |c CaBVaU  |d OCoLC  |d *YNH*  |d CStRLIN 
043 |a a-cc--- 
050 0 |a B126  |b .C515 
245 0 0 |6 880-01  |a Jing fa :  |b Mawangdui Han mu bo shu /  |c Mawangdui Han mu bo shu zheng li xiao zu bian. 
250 |6 880-02  |a Di 1 ban. 
260 |6 880-03  |a Beijing :  |b Wen wu chu ban she,  |c 1976. 
300 |a 189 p., [1] leaf of plates :  |b facsim. ;  |c 21 cm. 
505 0 |6 880-04  |a Fa jia lu xian he Huang Lao si xiang / Kang Li, Weijin -- Jing fa -- Shi da jing -- cheng -- Dao yuan -- "Shi da jing" di si xiang he shi dai / Kang Li -- "shi da jing" chu lun / Gao Heng, Dong Zhi'an -- Han chu Huang Lao si xiang he fa jia lu xian / Cheng Wu -- Fa jia dui Huang Lao zhi xue di xi shou he gai zao / Tang Xin -- Mawangdui chu tu "Laozi" yi ben juan qian gu yi shu di yan jiu. 
650 0 |a Philosophy, Chinese. 
650 0 |a Manuscripts, Chinese. 
651 0 |a China  |x Antiquities. 
700 0 |6 880-05  |a Laozi. 
710 2 |6 880-06  |a Mawangdui Han mu bo shu zheng li xiao zu. 
880 0 0 |6 245-01  |a 经法 :  |b 马王堆汉墓帛书 /  |c 马王堆汉墓帛书整理小组编. 
880 |6 250-02  |a 第1版. 
880 |6 260-03  |a 北京 :  |b 文物出版社,  |c 1976. 
880 0 |6 505-04  |a 法家路线和黄老思想/ 康立・卫今 -- 经法 -- 十大经 -- 称 -- 道原《十大经》的思想和時代/ 康立 -- 《十大经》初论/ 高亨, 董治安 -- 汉初黄老思想和法家路线/ 程武 -- 法家对黄老之学的吸收和改造/ 湯新 -- 马王堆出土《老子》乙本卷前古佚书的研究/ 唐兰. 
880 0 |6 700-05  |a 老子. 
880 2 |6 710-06  |a 马王堆汉墓帛书整理小组. 
988 |a 20021127 
906 |0 DLC